000 00569pam a2200217 a 4500
020 _c7917.50
040 _aMedical College Lib.
041 _aENG
_hENG
082 _a617.7
_bRYN
100 _aRyan, Stephen J..
245 _aRetina Vol - 3 Surgical Retina /
_c
_hTextual Documents
250 _a3rd /
_b.
260 _a :
_bMosby ,
_c2001.
300 _a578 :
_b11 ;
_c .
365 _a7917.50
653 _aOphthamology
_aMedical Science
700 _aWilkinson, C. P. .
930 _a6463
999 _c6462
_d6462